00545nam a2200157Ia 450000500170000000800410001708200190005810000250007724500510010226000390015330000170019250000620020994200060027195200950027799900150037220250305002319.0240331s9999 xx 000 0 und d bSUN25703a895 aSundarampillai, K. S 0aNadigamani V. V. Vyramutthuvin Vazhvum Arankum aJaffnabBharathi Pathippakamc1996 axii, 160 p., aThe biography and theatre of the actor V. V. Vyramutthu.  cL 001040708LaWERCLbWERCLcSSCd2024-03-31l0o 895 SUNp5703r2024-03-31w2024-03-31yL c4236d4236